000 00873nam a22002537a 4500
001 3720
003 FISKH
005 20240424102834.0
008 240424b cb ||||| |||| 00| 0 eng d
040 _aFISK
_beng
_cFISK
_dFISK
050 _aPZ7.N647
082 _a823.914
100 _aNix Garth
_d1963-
245 _aSir thursday /
_cGarth Nix
260 _aNew York :
_bScholastic,
_c2007
300 _a344 pages :
_c20 cm
490 _aThe keys to the kingdom
_vBook 4
505 _aQ
520 _aWhen Arthur is drafted into the Glorious Army of the Architect by Sir Thursday, he must survive basic training, avoid getting posted to the Front, and figure out how to free Part Four of the Will, while Leaf tries to banish Arthur's doppleganger on Earth.
521 8 _a910
_bLexile
700 _aGarth Nix
942 _2lcc
_cBK
_n0
999 _c3720
_d3720